000 01280nam a22003374a 4500
001 ebr10047428
003 CaPaEBR
006 m u
007 cr cn|||||||||
008 990510s1999 nyua sb 001 0 eng c
010 _z 99030078
020 _z0306461471
040 _aCaPaEBR
_cCaPaEBR
035 _a(OCoLC)55663764
050 1 4 _aQP535.N1
_bN542 1999eb
082 0 4 _a616.07/9
_221
245 0 0 _aNitric oxide and infection
_h[electronic resource] /
_cedited by Ferric C. Fang.
260 _aNew York :
_bKluwer Academic/Plenum Publishers,
_cc1999.
300 _axxv, 517 p. :
_bill.
504 _aIncludes bibliographical references and index.
533 _aElectronic reproduction.
_bPalo Alto, Calif. :
_cebrary,
_d2013.
_nAvailable via World Wide Web.
_nAccess may be limited to ebrary affiliated libraries.
650 0 _aNitric oxide
_xPhysiological effect.
650 0 _aNitric oxide
_xPathophysiology.
650 0 _aInfection.
650 0 _aNitric oxide
_xMetabolism.
650 0 _aImmune response
_xRegulation.
655 7 _aElectronic books.
_2local
700 1 _aFang, Ferric C.
710 2 _aebrary, Inc.
856 4 0 _uhttp://site.ebrary.com/lib/rucke/Doc?id=10047428
_zAn electronic book accessible through the World Wide Web; click to view
999 _c73661
_d73661